Economic Analysis of International Law (Record no. 43454)

MARC details
000 -LEADER
fixed length control field 01263cam a2200337 i 4500
001 - CONTROL NUMBER
control field 18960992
005 - DATE AND TIME OF LATEST TRANSACTION
control field 20250327160934.0
008 - FIXED-LENGTH DATA ELEMENTS--GENERAL INFORMATION
fixed length control field 160203s2016 enk b 001 0 eng d
010 ## - LIBRARY OF CONGRESS CONTROL NUMBER
LC control number 2016932476
020 ## - INTERNATIONAL STANDARD BOOK NUMBER
International Standard Book Number 9780857930156 (cased)
020 ## - INTERNATIONAL STANDARD BOOK NUMBER
International Standard Book Number 085793015X (hardback)
020 ## - INTERNATIONAL STANDARD BOOK NUMBER
Canceled/invalid ISBN 9780857930163 (eBook)
035 ## - SYSTEM CONTROL NUMBER
System control number (OCoLC)ocn958064524
042 ## - AUTHENTICATION CODE
Authentication code lccopycat
082 04 - DEWEY DECIMAL CLASSIFICATION NUMBER
Classification number 341 KON
245 00 - TITLE STATEMENT
Title Economic Analysis of International Law
260 ## - PUBLICATION, DISTRIBUTION, ETC.
Place UK
Publisher Edward Elgar Publishing Limited
Publication Year 2016
300 ## - PHYSICAL DESCRIPTION
Extent 294 pages ;
Dimensions 25 cm
504 ## - BIBLIOGRAPHY, ETC. NOTE
Bibliography, etc. note Includes bibliographical references and index.
520 ## - SUMMARY, ETC.
Summary, etc. Through original and incisive contributions from leading scholars, this handbook applies economics and other rational choice methods to understanding public international law.
650 #0 - SUBJECT ADDED ENTRY--TOPICAL TERM
Subject International law
700 1# - ADDED ENTRY--PERSONAL NAME
Co-Author Kontorovich, Eugene,
700 1# - ADDED ENTRY--PERSONAL NAME
Co-Author Parisi, Francesco,
942 ## - ADDED ENTRY ELEMENTS (KOHA)
Koha item type Books
264 #1 - PRODUCTION, PUBLICATION, DISTRIBUTION, MANUFACTURE, AND COPYRIGHT NOTICE
Place of production, publication, distribution, manufacture Cheltenham, UK :
Name of producer, publisher, distributor, manufacturer Edward Elgar Publishing,
Date of production, publication, distribution, manufacture, or copyright notice [2016]
336 ## - CONTENT TYPE
Content type term text
Content type code txt
Source rdacontent
337 ## - MEDIA TYPE
Media type term unmediated
Media type code n
Source rdamedia
338 ## - CARRIER TYPE
Carrier type term volume
Carrier type code nc
Source rdacarrier
906 ## - LOCAL DATA ELEMENT F, LDF (RLIN)
a 7
b cbc
c copycat
d 2
e epcn
f 20
g y-gencatlg
Holdings
Withdrawn status Lost status Source of classification or shelving scheme Damaged status Not for loan Home library Current library Shelving location Accession Date Vendor Price Bill number Total Checkouts Full call number Barcode No Date last seen Discount Bill Date Koha item type Suggested By
    Dewey Decimal Classification     IMTN IMTN Rack 43-A 03/24/2025 Raghav Books Private Limited 9905.70 2374   341 KON 33745 03/27/2025 33 02/14/2025 Books Dr. Veena Pailwar
Designed & Maintained by: LRC IMT Nagpur Contact: lrc@imtnag.ac.in© 2024. All Rights Reserved.